Summary of changes to the Code for Sustainable Homes technical guidance (Record no. 111427)

MARC details
000 -LEADER
fixed length control field 01211cad a22001935a 4500
001 - CONTROL NUMBER
control field a151533
008 - FIXED-LENGTH DATA ELEMENTS--GENERAL INFORMATION
fixed length control field 101115s2010 xxk f 000 0 eng d
035 ## - SYSTEM CONTROL NUMBER
System control number (Sirsi) u151533
041 0# - LANGUAGE CODE
Language code of text/sound track or separate title eng
110 2# - MAIN ENTRY--CORPORATE NAME
Corporate name or jurisdiction name as entry element United Kingdom
Subordinate unit Department for Communities and Local Government
9 (RLIN) 4939
245 00 - TITLE STATEMENT
Title Summary of changes to the Code for Sustainable Homes technical guidance
Remainder of title November 2010
Medium [electronic resource]
260 ## - PUBLICATION, DISTRIBUTION, ETC.
Place of publication, distribution, etc. London
Name of publisher, distributor, etc. DCLG
Date of publication, distribution, etc. 2010
520 ## - SUMMARY, ETC.
Summary, etc. Update to the April 2007 Code of Sustainable Homes gives an improved green rating for new homes. The revision takes into account tough new rules for energy efficiency for buildings and make it easier for homeowners and consumers who want to grade the standard of their properties. The Code is rated from one to six, one being the entry level above the level of the standard, mandatory Building Regulations and six is the highest.
590 ## - LOCAL NOTE (RLIN)
Local note KA NTK
651 #4 - SUBJECT ADDED ENTRY--GEOGRAPHIC NAME
Geographic name ENGLAND AND WALES
690 ## - LOCAL SUBJECT ADDED ENTRY--TOPICAL TERM (OCLC, RLIN)
Topical term or geographic name as entry element ENVIRONMENTAL AND LAND CONSULTANCY-SUSTAINABILITY
856 40 - ELECTRONIC LOCATION AND ACCESS
Uniform Resource Identifier <a href="https://www.communities.gov.uk/documents/planningandbuilding/pdf/1766323.pdf">https://www.communities.gov.uk/documents/planningandbuilding/pdf/1766323.pdf</a>
Public note View the item free of charge at www.communities.gov.uk/documents/planningandbuilding/pdf/1766323.pdf
942 ## - ADDED ENTRY ELEMENTS (KOHA)
Suppress in OPAC 0
Holdings
Withdrawn status Lost status Source of classification or shelving scheme Damaged status Not for loan Home library Current library Shelving location Date acquired Total Checkouts Full call number Barcode Date last seen Copy number Price effective from Koha item type
    Dewey Decimal Classification     Virtual Virtual Online 15/11/2010   ONLINE PUBLICATION 151533-2001 06/08/2019 1 06/08/2019 Book